Szczegóły MARC21

Współczesny trening siły mięśniowej /

003 -Nazwa inst., której nr kontr. jest w polu 001 [,]
    • @
    • Nazwa instytucji, której n kontrolny jest w polu 001
    • NUKAT
005 -DATA I CZAS OSTATNIEJ MODYFIKACJI [,]
    • @
    • pole kontrolne
    • 20241231111457.0
020 -Międzynarod. znormalizowany nr książki - ISBN [ , ]
    • a
    • Numer ISBN
    • 9788360841594 Find
040 -Instytucja sporządzająca opis [ , ]
    • a
    • Instytucja, która sporządziła opis (NP)
    • KR U/ES
    • c
    • Instytucja, która sporządziła rekord (NP)
    • KR U/ES
    • d
    • Instytucja, która zmodyfikowała rekord (P)
    • KR U/BUs
942 -Rodzaj dokumentu [ , ]
    • c
    • Rodzaj dokumentu
    • Książka
245 -Strefa tytułu i oznaczenia odpowiedzialności [0,0]
    • a
    • Tytuł
    • Współczesny trening siły mięśniowej / Find
    • c
    • Pozostałe elementy strefy tytułu i oznaczenia odpowiedzialności (NP)
    • Adam Zając [et al.] ; Akademia Wychowania Fizycznego im. Jerzego Kukuczki w Katowicach.
250 -Strefa wydania [ , ]
    • a
    • Oznaczenie wydania (NP)
    • Wyd. 2 uzup.
260 -Strefa adresu wydawniczego [ , ]
    • a
    • Miejsce wydania (P)
    • Katowice :
    • b
    • Nazwa wydawcy (P)
    • Akademia Wychowania Fizycznego im. Jerzego Kukuczki,
    • c
    • Data wydania (P)
    • 2010.
300 -Strefa opisu fizycznego [ , ]
    • a
    • Określenie formy książki i/lub objętość (NP)
    • 464 s. :
    • b
    • Oznaczenie ilustracji (NP)
    • il. kolor. ;
    • c
    • Format (NP)
    • 29 cm.
336 -Typ zawartości [ , ]
    • a
    • Termin opisujący typ zawartości
    • Tekst
    • b
    • Kod określający zawartość
    • txt
    • 2
    • Źródło (terminu i kodu)
    • rdacontent
337 -Typ mediów [ , ]
    • a
    • Tryb odtwarzania
    • Bez urządzenia pośredniczącego
    • b
    • Kod typu mediów
    • n
    • 2
    • Źródło (terminu i kodu)
    • rdamedia
338 -Typ/rodzaj nośnika [ , ]
    • a
    • Hasło opisujące typ nośnika
    • Wolumin
    • b
    • Kod typu nośnika
    • nc
    • 2
    • Źródło (terminu i kodu)
    • rdacarrier
504 -Uwaga dot. bibliogr. załącznikowej [ , ]
    • a
    • Uwaga dot. bibliografii załącznikowej
    • Bibliogr. s. 447-461.
080 -Uniwersalna Klasyfikacja Dziesiętna [ , ]
    • 2
    • Identyfikator wydania tablic
    • UDC-P058
    • 9
    • UKD
    • 6327
    • a
    • Symbol klasyfikacji
    • 796.8
    • b
    • Dopowiedzenie
    • Sport zapaśniczy i obronny. Sporty siłowe. Walka wręcz.
650 -Hasło przedmiotowe [ ,7]
    • a
    • Hasło przedmiotowe
    • Trening siłowy
    • x
    • Określnik rzeczowy
    • aspekt fizjologiczny.
    • 2
    • Źródło terminu
    • kaba
    • 9
    • KHW
    • 364638
650 -Hasło przedmiotowe [ ,7]
    • a
    • Hasło przedmiotowe
    • Mięśnie
    • x
    • Określnik rzeczowy
    • ruchy
    • x
    • Określnik rzeczowy
    • fizjologia.
    • 2
    • Źródło terminu
    • kaba
    • 9
    • KHW
    • 373188
650 -Hasło przedmiotowe [ ,7]
    • a
    • Hasło przedmiotowe
    • Trening siłowy
    • v
    • Określnik formalny
    • podręczniki akademickie.
    • 2
    • Źródło terminu
    • kaba
    • 9
    • KHW
    • 370789
980 -Symbol UKD [ , ]
    • a
    • UKD
    • 796.8
700 -Hasło dodatkowe - nazwa osobowa [1, ]
    • a
    • Nazwa osobowa (NP)
    • Zając, Adam. Find
    • 9
    • KHW
    • 21060
920 -ISBN [ , ]
    • a
    • ISBN
    • 978-83-60841-59-4 Find
Numer inwentarzowy Sygnatura Status udost. Lokalizacja Data inwentaryzacji
WF.9150Stretching i kulturystyka 211BM2012-10-26